000 00443nam a2200181Ia 4500
001 13185
005 20260306163035.0
008 260306t2014||||xx |||||||||||||| ||spa||
041 _aESP
082 _a001.42
_bA72 2014
100 _aArias Galicia, L. Fernando
_eAUT
245 0 _aMetodología de la investigación
260 _c2014
300 _a576 páginas :
_c23 cm.
650 _aGEN
654 _aCHU
942 _cLIB
_dJUS
_fJUS
_2ddc
_n
999 _c13185
_d13185